Panduan menulis tesis

Bibliographic Details
Main Author: Samarudin Rejab
Other Authors: Nazri Abdullah
Format: Book
Published: Kuala Lumpur : Dewan Bahasa dan Pustaka , 1985
Subjects:

MARC

LEADER 00000cam a2200000 7i4500
001 0000001275
005 20030609.0
040 |a INS 
090 0 0 |a LB2369.   |b S25 1985 
100 0 |a Samarudin Rejab 
245 1 0 |a Panduan menulis tesis   |c Samarudin Rejab dan Nazri Abdullah 
260 |a Kuala Lumpur :   |b Dewan Bahasa dan Pustaka ,   |c 1985 
300 |a xiv, 165 m.s. :   |b ill ;   |c 21 cm. 
650 0 0 |a Dissertations,Academic 
650 0 0 |a Report writing 
700 0 |a Nazri Abdullah 
999 |a 0000002437   |b BOOK   |c Open Shelf   |e Default branch